Alle NBA MVP's - Statistieken

Algemene statistieken
  • Deze quiz is 149 keer genomen
    64 sinds de laatste reset
  • De gemiddelde score is 23 van 29
Antwoordstatistieken
Team Jaar Antwoord % Correct
Miami Heat 2013 LeBron James
98%
Miami Heat 2012 LeBron James
98%
Cleveland Cavaliers 2010 LeBron James,
98%
Cleveland Cavaliers 2009 LeBron James,
98%
Los Angeles Lakers 2008 Kobe Bryant
95%
Chicago Bulls 1998 Michael Jordan
95%
Chicago Bulls 1996 Michael Jordan
95%
Golden State Warriors 2016 Stephen Curry,
95%
Golden State Warriors 2015 Stephen Curry,
95%
Los Aneles Lakers 2000 Shaquille O'Neal
86%
Denver Nuggets 2024 Nikola Jokic
84%
Denver Nuggets 2022 Nikola Jokic
84%
Denver Nuggets 2021 Nikola Jokic
84%
Milwaukee Bucks 2020 Giannis Antetokounmpo
82%
Milwaukee Bucks 2019 Giannis Antetokounmpo
82%
Houston Rockets 2018 James Harden
82%
Oklahoma City Thunder 2014 Kevin Durant
82%
Oklahoma City Thunder 2017 Russell Westbrook
77%
San Antonio Spurs 2003 Tim Duncan
77%
San Antonio Spurs 2002 Tim Duncan
77%
Chicago Bulls 2011 Derrick Rose
70%
Dallas Mavericks 2007 Dirk Nowitzki
68%
Philadelphia 76ers 2001 Allen Iverson
66%
Utah Jazz 1999 Karl Malone
66%
Utah Jazz 1997 Karl Malone
66%
Minnesota Timberwolves 2004 Kevin Garnett
61%
Phoenix Suns 2006 Steve Nash
61%
Phoenix Suns 2005 Steve Nash
61%
Philadelphia 76ers 2023 Joel Embiid
34%
Geen overeenkomende quizzen gevonden
Scoreverdeling
Procent van Mensen met Elke Score
Percentiel versus Aantal Correcte Antwoorden
Uw Scoregeschiedenis
U heeft deze quiz nog niet genomen sinds de laatste reset